Countries Closest to Saudi Arabia A-Z - Statistics

General Stats
  • This quiz has been taken 252 times
    216 since last reset
  • The average score is 19 of 24
Answer Stats
Letter Country % Correct
O Oman
98%
Q Qatar
98%
Y Yemen
98%
I Iraq
96%
J Jordan
96%
B Bahrain
91%
E Egypt
91%
T Turkey
90%
K Kuwait
89%
U United Arab Emirates
88%
S Syria
86%
L Lebanon
85%
Z Zambia
83%
D Djibouti
80%
P Pakistan
80%
A Armenia
77%
R Russia
74%
F France
72%
G Georgia
70%
H Hungary
65%
V Vatican City
63%
C Chad
58%
M Moldova
32%
N North Macedonia
32%
No matching quizzes found
Score Distribution
Percent of People with Each Score
Percentile by Number Answered
Your Score History
You have not taken this quiz since the last reset